000 01124nam a22002297a 4500
003 BDDh-ASL
005 20231015031211.0
008 230306s2019 i ||||| |||| 00| 0 b d
040 _cBDDh-ASL
041 _abengali
082 _a092.0899
_bAHU
100 1 _aআহমদ, ওয়াকিল
_9248
245 1 0 _aউনিশ শতকের বাঙালি মুসলমানের চিন্তা ও চেতনার ধারা /
246 _aUnish Satake Bangali Musalmaner Chinta x Chetonar Dhara.
260 _aকলকাতা:
_bবিশ্বঙ্গীয় প্রকাশন,
_c২০১৯।
300 _a৬৪৮ পৃষ্ঠা:
_bছবি;
_c২২ সে.মি.
504 _aগ্রন্থপঞ্জি ও নির্ঘণ্ট সংযুক্ত ।
650 0 _aBengali Muslim (বাংলার মুসলমান)
_97375
650 0 _aউনিশ শতকে মুসলমানদের সমাজ ব্যবস্থা
_9784
650 0 _aBengali Literature (বাংলা সাহিত্য)
_95985
942 _2ddc
_cBK
999 _c30856
_d30856